[Event "PokerStars IoM Masters 2014"]
[Site "Douglas ENG"]
[Date "2014.10.05"]
[Round "2.12"]
[White "Reshef, Omer"]
[Black "Hillarp Persson, Tiger"]
[Result "1/2-1/2"]
[WhiteTitle "FM"]
[BlackTitle "GM"]
[WhiteElo "2397"]
[BlackElo "2555"]
[WhiteFideId "2804336"]
[BlackFideId "1700812"]
[EventDate "2014.10.04"]

1. e4 c5 2. Nf3 d6 3. d4 cxd4 4. Nxd4 Nf6 5. Nc3 a6 6. Be3 e5 7. Nf3 Be6 8. Ng5
Nc6 9. Nxe6 fxe6 10. Bc4 Qd7 11. O-O Be7 12. Na4 Bd8 13. Nb6 Bxb6 14. Bxb6 Nxe4
15. Qh5+ Qf7 16. Qh3 d5 17. Bd3 Nf6 18. Bc5 Nd7 19. Bd6 e4 20. Be2 Nd4 21. Bh5
g6 22. Bg4 Nf5 23. Qc3 Qf6 24. Qb4 b5 25. Bxf5 exf5 26. Rfd1 a5 27. Qd4 Qxd4 28.
Rxd4 Nf6 29. Be5 Kf7 30. Bxf6 Kxf6 31. Rxd5 Rhc8 32. Rc1 b4 33. f3 exf3 34. gxf3
Rc4 35. c3 a4 36. Rd4 Rac8 37. Rxc4 Rxc4 38. a3 bxa3 39. bxa3 Ke5 40. Kf2 Kd5
41. Ke3 Rh4 42. Rb1 f4+ 43. Kd3 Rxh2 44. Rb5+ Ke6 45. Ra5 Ra2 46. Rxa4 g5 47.
Ra6+ Kf5 48. Ra5+ Kg6 49. a4 Kh5 50. Ra8 Rf2 51. Ke4 Re2+ 52. Kd4 Re3 53. Rh8
Rxf3 54. Rxh7+ Kg4 55. a5 Rf1 56. a6 Ra1 57. a7 Kg3 58. Kc5 f3 59. Kb6 f2 60.
Rf7 Kg2 61. c4 f1=Q 62. Rxf1 Kxf1 63. Kb7 g4 64. a8=Q Rxa8 65. Kxa8 g3 1/2-1/2

[Event "PokerStars IoM Masters 2014"]
[Site "Douglas ENG"]
[Date "2014.10.05"]
[Round "2.13"]
[White "Greenfeld, Alon"]
[Black "Skripchenko, Almira"]
[Result "1/2-1/2"]
[WhiteTitle "GM"]
[BlackTitle "IM"]
[WhiteElo "2542"]
[BlackElo "2429"]
[WhiteFideId "2800039"]
[BlackFideId "13900145"]
[EventDate "2014.10.04"]

1. Nf3 Nf6 2. c4 g6 3. Nc3 Bg7 4. g3 O-O 5. Bg2 d6 6. d4 Nbd7 7. O-O e5 8. e4
exd4 9. Nxd4 Re8 10. h3 a6 11. Be3 Rb8 12. a4 c6 13. a5 Ne5 14. b3 c5 15. Nde2
Nc6 16. Ra2 Nxa5 17. Bf4 Re6 18. e5 Nh5 19. Ne4 Nxf4 20. gxf4 Nc6 21. Rd2 Qh4
22. Ng5 Re8 23. exd6 Bd7 24. Rd3 h6 25. Ne4 b6 26. Qd2 Nb4 27. Re3 Rbd8 28. Rd1
Be6 29. N4g3 Bf8 30. Qc3 Bg7 31. Qc1 Bf8 32. Qc3 Bg7 1/2-1/2

[Event "PokerStars IoM Masters 2014"]
[Site "Douglas ENG"]
[Date "2014.10.05"]
[Round "2.14"]
[White "Nakar, Eylon"]
[Black "Hebden, Mark L"]
[Result "1/2-1/2"]
[WhiteTitle "IM"]
[BlackTitle "GM"]
[WhiteElo "2424"]
[BlackElo "2540"]
[WhiteFideId "2811111"]
[BlackFideId "400084"]
[EventDate "2014.10.04"]

1. d4 Nf6 2. c4 g6 3. Nc3 Bg7 4. e4 d6 5. f3 O-O 6. Be3 c5 7. Nge2 Nc6 8. d5 Na5
9. Ng3 e6 10. Be2 exd5 11. cxd5 a6 12. O-O b5 13. Qd2 Re8 14. Rac1 Bd7 15. b3 b4
16. Nd1 Bb5 17. Re1 Nd7 18. Kh1 Nb7 19. Bh6 Be5 20. Nf2 Bc3 21. Rxc3 bxc3 22.
Qxc3 f6 23. f4 Qa5 24. Qa1 Bxe2 25. Rxe2 Nd8 26. f5 Ne5 27. Bd2 Qb5 28. fxg6
hxg6 29. Nh3 a5 30. Nf4 a4 31. bxa4 Rxa4 32. Nxg6 Nxg6 33. Qxf6 Kh7 34. Nf5 Ra7
35. Qg5 Ne5 36. Qh5+ Kg8 37. Qg5+ Kh7 38. Qh5+ 1/2-1/2

[Event "PokerStars IoM Masters 2014"]
[Site "Douglas ENG"]
[Date "2014.10.05"]
[Round "2.15"]
[White "Hawkins, Jonathan"]
[Black "Kobo, Ori"]
[Result "1/2-1/2"]
[WhiteTitle "IM"]
[BlackTitle "FM"]
[WhiteElo "2533"]
[BlackElo "2380"]
[WhiteFideId "412686"]
[BlackFideId "2812320"]
[EventDate "2014.10.04"]

1. d4 e6 2. c4 b6 3. e4 Bb7 4. Bd3 Bb4+ 5. Bd2 Bxd2+ 6. Nxd2 Qf6 7. Ne2 Nc6 8.
e5 Qg5 9. Be4 f5 10. f4 Qh6 11. Bf3 g5 12. d5 g4 13. dxc6 dxc6 14. Qa4 gxf3 15.
Nxf3 O-O-O 16. c5 Ne7 17. Qxa7 Nd5 18. g3 Ne3 19. cxb6 Nc2+ 20. Kf2 Nxa1 21.
Rxa1 Rd3 22. Ned4 cxb6 23. Qxb6 Qh5 24. Rc1 Rxf3+ 25. Nxf3 Rd8 26. Ke3 Rd5 27.
b4 Kb8 28. Rc5 Rd1 29. a4 Rd3+ 30. Kxd3 Qxf3+ 31. Kc2 Qf2+ 32. Kb3 Qe3+ 33. Kc2
Qf2+ 1/2-1/2

[Event "PokerStars IoM Masters 2014"]
[Site "Douglas ENG"]
[Date "2014.10.05"]
[Round "2.16"]
[White "Haimovich, Tal"]
[Black "Vaisser, Anatoly"]
[Result "1/2-1/2"]
[WhiteTitle "IM"]
[BlackTitle "GM"]
[WhiteElo "2365"]
[BlackElo "2531"]
[WhiteFideId "2801698"]
[BlackFideId "603252"]
[EventDate "2014.10.04"]

1. e4 d6 2. d4 Nf6 3. Nc3 e5 4. Nf3 Nbd7 5. Bc4 Be7 6. O-O O-O 7. Re1 Nb6 8. Bf1
exd4 9. Nxd4 c6 10. b3 d5 11. e5 Ne8 12. Bb2 c5 13. Nde2 Nc7 14. Ng3 f5 15. exf6
Bxf6 16. Qd2 Ne6 17. Nd1 Nf4 18. Bxf6 Qxf6 19. Qc3 Qc6 20. Nb2 d4 21. Qd2 Be6
22. Re4 Nbd5 23. Rae1 Rf6 24. Nc4 Raf8 25. Ne5 Qc8 26. Bc4 b5 27. Bxb5 Nc3 28.
Bd3 Nxd3 29. Nxd3 Nxe4 30. Nxe4 Rh6 31. Ndxc5 Bd5 32. Qxd4 Bxe4 33. Rxe4 Rd8 34.
Qc4+ Kh8 35. Re1 Rh5 36. b4 Re5 37. Rxe5 Rd1+ 38. Qf1 Rxf1+ 39. Kxf1 h6 40. Re4
Qg8 41. Nd3 Qxa2 42. Ne1 1/2-1/2

[Event "PokerStars IoM Masters 2014"]
[Site "Douglas ENG"]
[Date "2014.10.05"]
[Round "2.17"]
[White "Harika, Dronavalli"]
[Black "Bakalchuk, Johnatan"]
[Result "1/2-1/2"]
[WhiteTitle "GM"]
[BlackTitle "FM"]
[WhiteElo "2528"]
[BlackElo "2317"]
[WhiteFideId "5015197"]
[BlackFideId "2810301"]
[EventDate "2014.10.04"]

1. d4 Nf6 2. c4 g6 3. Nc3 Bg7 4. e4 d6 5. h3 O-O 6. Nf3 e5 7. d5 Nh5 8. g3 f5 9.
exf5 gxf5 10. Nh4 Nf6 11. Bd3 Ne8 12. Qh5 Qf6 13. g4 e4 14. Bc2 Na6 15. Nxf5
Bxf5 16. gxf5 Qxf5 17. Qxf5 Bxc3+ 18. bxc3 Rxf5 19. Rg1+ Kf7 20. Bxe4 Re5 21. f3
Nf6 22. Bf4 Rh5 23. O-O-O Nc5 24. Be3 Ncxe4 25. fxe4 Rg8 26. Rgf1 Rg6 27. Rf3
Ke8 28. c5 Nxe4 29. Rdf1 Rxd5 30. Rf8+ Kd7 31. R1f7+ 1/2-1/2

[Event "PokerStars IoM Masters 2014"]
[Site "Douglas ENG"]
[Date "2014.10.05"]
[Round "2.18"]
[White "Givon, Asaf"]
[Black "Fressinet, Laurent"]
[Result "1/2-1/2"]
[WhiteTitle "IM"]
[BlackTitle "GM"]
[WhiteElo "2431"]
[BlackElo "2713"]
[WhiteFideId "2801841"]
[BlackFideId "608742"]
[EventDate "2014.10.04"]

1. e4 e5 2. Nf3 Nc6 3. Bb5 Nge7 4. c3 a6 5. Ba4 g6 6. d4 exd4 7. cxd4 b5 8. Bc2
d5 9. exd5 Nxd5 10. O-O Bg7 11. Bg5 Nde7 12. a4 b4 13. Re1 f6 14. Bf4 O-O 15. d5
Ne5 16. Nxe5 fxe5 17. Bxe5 Nxd5 18. Bb3 Bb7 19. Nd2 Bxe5 20. Rxe5 Kh8 21. Bxd5
Bxd5 22. Nf1 c6 23. Qd4 Qf6 24. Rae1 Rad8 25. Qe3 Bf7 26. Nd2 Rfe8 27. Nf3 Kg7
28. h3 b3 29. Qa7 Rxe5 30. Nxe5 Re8 31. Qd4 a5 32. Qc3 Bd5 33. Re3 Re6 34. Qe1
Qf4 35. Qc3 Qf6 36. Qe1 Qf4 1/2-1/2

[Event "PokerStars IoM Masters 2014"]
[Site "Douglas ENG"]
[Date "2014.10.05"]
[Round "2.19"]
[White "Ansell, Simon T"]
[Black "Merry, Alan B"]
[Result "0-1"]
[WhiteTitle "IM"]
[BlackTitle "FM"]
[WhiteElo "2370"]
[BlackElo "2269"]
[WhiteFideId "402141"]
[BlackFideId "418811"]
[EventDate "2014.10.04"]

1. e4 e6 2. d3 d5 3. Nd2 c5 4. Ngf3 Nc6 5. g3 g6 6. Bg2 Bg7 7. O-O Nge7 8. c3
O-O 9. Re1 b6 10. a4 Ba6 11. exd5 Nxd5 12. Nc4 Qc7 13. Qe2 Rad8 14. Bg5 Rd7 15.
Rad1 Bxc3 16. bxc3 Nxc3 17. Qc2 Nxd1 18. Rxd1 Nb4 19. Qc3 f6 20. Bh6 Re8 21. Ne3
e5 22. Bh3 Rxd3 23. Rxd3 Nxd3 24. Bf1 Rd8 25. Nd2 Qd7 26. Qb3+ Qf7 27. Ndc4 Nb4
28. h4 Nc6 29. h5 Nd4 30. Qb1 Nf3+ 31. Kh1 Bb7 32. Bg2 Rd4 33. a5 g5 34. g4 Rxg4 0-1

[Event "PokerStars IoM Masters 2014"]
[Site "Douglas ENG"]
[Date "2014.10.05"]
[Round "2.20"]
[White "House, Glenn L"]
[Black "Cox, John J"]
[Result "1/2-1/2"]
[WhiteTitle "FM"]
[BlackTitle "IM"]
[WhiteElo "2209"]
[BlackElo "2368"]
[WhiteFideId "406228"]
[BlackFideId "401064"]
[EventDate "2014.10.04"]

1. Nf3 d5 2. d3 Nf6 3. g3 Bf5 4. Bg2 e6 5. O-O Be7 6. Nbd2 h6 7. e3 O-O 8. Qe2
c5 9. e4 Bh7 10. e5 Nfd7 11. Ne1 Nc6 12. f4 Rc8 13. Ndf3 Qb6 14. c3 Qa6 15. Bh3
b5 16. g4 Rfe8 17. Rf2 b4 18. Rg2 bxc3 19. bxc3 Nf8 20. g5 hxg5 21. Nxg5 Bxg5
22. Rxg5 Ne7 23. Rg2 Bf5 24. Rg3 g6 25. Bf1 Kg7 26. Ng2 c4 27. d4 Nd7 28. Ne3
Bd3 29. Qb2 Nf5 30. Nxf5+ Bxf5 31. Bh3 Qa4 32. Be3 Rb8 33. Qf2 Qc2 34. Qxc2 Bxc2
35. Bc1 Rb6 36. Ba3 Reb8 37. Kf2 Bd3 38. Bg4 Rb1 39. Rg1 Rxg1 40. Rxg1 Rb1 41.
Rc1 Rb7 42. Ke3 Bb1 43. Bc5 Bxa2 44. Bb4 Nb8 45. Ra1 Bb3 46. Bc5 a6 47. Kd2 Rb5
48. Bd6 a5 1/2-1/2

[Event "PokerStars IoM Masters 2014"]
[Site "Douglas ENG"]
[Date "2014.10.05"]
[Round "2.21"]
[White "Boruchovsky, Avital"]
[Black "Allen, Keith"]
[Result "1-0"]
[WhiteTitle "GM"]
[WhiteElo "2501"]
[BlackElo "2197"]
[WhiteFideId "2800055"]
[BlackFideId "2501147"]
[EventDate "2014.10.04"]

1. e4 e5 2. Nf3 Nc6 3. Bb5 a6 4. Ba4 Nf6 5. O-O Be7 6. Re1 b5 7. Bb3 d6 8. c3
O-O 9. h3 Bb7 10. d4 Re8 11. Nbd2 Bf8 12. d5 Nb8 13. Nf1 Nbd7 14. Ng3 Nc5 15.
Bc2 c6 16. b4 Ncd7 17. dxc6 Bxc6 18. Nf5 Nb6 19. Nh2 d5 20. Bg5 h6 21. Bxf6 Qxf6
22. Ng4 Qd8 23. Qf3 Re6 24. Qg3 Qg5 25. exd5 Nxd5 26. Rad1 h5 27. Nxe5 Qxg3 28.
fxg3 Nxc3 29. Nd4 Nxd1 30. Nxe6 fxe6 31. Nxc6 Nb2 32. Rxe6 Kf7 33. Bb3 Nc4 34.
Re4 Rc8 35. Bxc4+ bxc4 36. Rxc4 Kf6 37. Kf2 g5 38. a3 Bd6 39. Ne5 Rxc4 40. Nxc4
Bc7 41. Kf3 Kf5 42. g4+ hxg4+ 43. hxg4+ Ke6 44. Ke4 1-0

[Event "PokerStars IoM Masters 2014"]
[Site "Douglas ENG"]
[Date "2014.10.05"]
[Round "2.23"]
[White "Groffen, Hans"]
[Black "L'Ami, Alina"]
[Result "1/2-1/2"]
[BlackTitle "IM"]
[WhiteElo "2161"]
[BlackElo "2386"]
[WhiteFideId "1004140"]
[BlackFideId "1210246"]
[EventDate "2014.10.04"]

1. d4 Nf6 2. c4 g6 3. Nc3 Bg7 4. e4 d6 5. f3 O-O 6. Be3 Nc6 7. Nge2 a6 8. Qd2
Na5 9. Ng3 h5 10. h4 b5 11. Bh6 Nxc4 12. Bxc4 bxc4 13. Bxg7 Kxg7 14. O-O-O c6
15. Qg5 Rh8 16. Rhe1 Rb8 17. Nf5+ Bxf5 18. exf5 Rb7 19. fxg6 fxg6 20. Re6 Qb6
21. Rd2 Kf7 22. d5 Qg1+ 23. Rd1 Qb6 24. Rd2 Qg1+ 25. Rd1 Qb6 26. Rd2 Qg1+ 27.
Rd1 1/2-1/2

[Event "PokerStars IoM Masters 2014"]
[Site "Douglas ENG"]
[Date "2014.10.05"]
[Round "2.24"]
[White "Walton, Alan J"]
[Black "Peek, Marcel"]
[Result "0-1"]
[WhiteTitle "CM"]
[BlackTitle "IM"]
[WhiteElo "2123"]
[BlackElo "2359"]
[WhiteFideId "409898"]
[BlackFideId "1000462"]
[EventDate "2014.10.04"]

1. d4 d5 2. c4 Nc6 3. Nc3 dxc4 4. Nf3 Nf6 5. Bg5 h6 6. Bh4 a6 7. e4 Bg4 8. d5
Ne5 9. Be2 Bxf3 10. gxf3 g5 11. Bg3 Nfd7 12. f4 Ng6 13. fxg5 hxg5 14. Bxc4 Bg7
15. Qc2 Nde5 16. Be2 Qd6 17. Nd1 Nf4 18. a3 Rc8 19. Ne3 Qd7 20. Rd1 c5 21. Nf5
Bf6 22. Qd2 Qa4 23. f3 Qb3 24. Kf2 Neg6 25. h4 Qxb2 26. hxg5 Qxd2 27. Rxh8+ Nxh8
28. Rxd2 Bxg5 29. Rb2 b5 30. a4 c4 31. Bxf4 Bxf4 32. axb5 Be5 33. Rc2 axb5 34.
f4 Bxf4 35. Nd4 Rb8 36. Nc6 Rb7 37. Rb2 c3 38. Ra2 Kd7 39. Nd4 b4 40. Bd1 Ng6
41. Ra6 Ne5 42. Ba4+ Kc7 43. Ke2 Bg5 44. Kd1 Be3 45. Nc6 Nxc6 46. Rxc6+ Kb8 47.
Kc2 Bf4 48. Bb3 Bd6 49. Ra6 Rc7 50. Ba4 Kb7 51. Rc6 Rxc6 52. Bxc6+ Kb6 53. Ba4
Kc5 54. Kd3 Bc7 55. Bb3 Bf4 56. Bd1 Bg3 57. Bb3 Bf2 58. Bd1 Bg1 59. Bb3 Bd4 60.
Ke2 Kd6 61. Kd3 Ke5 62. Bd1 Bc5 63. Bb3 Kf4 64. Bd1 Bd6 65. Bb3 Ke5 66. Bd1 f5
67. exf5 Kxd5 68. Bb3+ Ke5 69. Be6 Bc7 70. Kc2 Kd4 71. Bd7 Be5 72. Be6 Bf6 73.
Bd7 b3+ 0-1

[Event "PokerStars IoM Masters 2014"]
[Site "Douglas ENG"]
[Date "2014.10.05"]
[Round "2.25"]
[White "Van Den Bersselaar, Jeroen"]
[Black "Bartell, Thomas"]
[Result "0-1"]
[BlackTitle "IM"]
[WhiteElo "2119"]
[BlackElo "2358"]
[WhiteFideId "1006282"]
[BlackFideId "2017849"]
[EventDate "2014.10.04"]

1. d4 Nf6 2. Nf3 e6 3. e3 b6 4. Bd3 Bb7 5. O-O c5 6. c4 cxd4 7. exd4 d6 8. Nc3
Be7 9. d5 e5 10. Ng5 h6 11. Nge4 Nxe4 12. Nxe4 O-O 13. Ng3 Bg5 14. Nf5 Bc8 15.
f4 exf4 16. Bxf4 Bxf5 17. Bxf5 g6 18. Bh3 Bxf4 19. Rxf4 f5 20. g4 Nd7 21. gxf5
Qg5+ 22. Qg4 Ne5 23. Qg3 Qxg3+ 24. hxg3 g5 25. Re4 h5 26. Rf1 Kg7 27. Rf2 Kf6
28. Bf1 Rae8 29. Be2 g4 30. Kg2 Kg5 31. Bd1 Nd3 32. Rfe2 Rxe4 33. Rxe4 Rxf5 34.
Re2 Ne5 35. b3 h4 36. gxh4+ Kxh4 37. Re1 Rf4 38. Rh1+ Kg5 39. Rh8 Rd4 40. Be2
Rd2 41. Kf1 Kf4 42. Rg8 Rxa2 43. Rg7 a5 0-1

[Event "PokerStars IoM Masters 2014"]
[Site "Douglas ENG"]
[Date "2014.10.05"]
[Round "2.26"]
[White "Welling, Gerard"]
[Black "Sant Anna, Eddie Luiz G."]
[Result "1-0"]
[WhiteTitle "IM"]
[WhiteElo "2350"]
[BlackElo "2119"]
[WhiteFideId "1000446"]
[BlackFideId "2103893"]
[EventDate "2014.10.04"]

1. e4 d5 2. exd5 Qxd5 3. Nc3 Qd6 4. d4 c6 5. Nf3 Bf5 6. Ne5 Nd7 7. Nc4 Qg6 8.
Ne3 Ngf6 9. Nxf5 Qxf5 10. Bd3 Qa5 11. O-O e6 12. Bd2 Qc7 13. Qf3 Bd6 14. h3
O-O-O 15. Bg5 h6 16. Bxf6 Nxf6 17. Ne4 Be7 18. c3 Nxe4 19. Bxe4 Bf6 20. b4 Rd6
21. a4 Kd7 22. b5 Rb8 23. Rab1 c5 24. Bxb7 cxd4 25. Bc6+ Ke7 26. c4 Qb6 27. Be4
Qc5 28. Qd3 Kf8 29. a5 Bd8 30. Ra1 Ke7 31. Rfc1 Rc8 32. b6 Rd7 33. b7 Rb8 34. a6
Rc7 35. g3 Rd7 36. Rcb1 Rc7 37. Ra4 Qd6 38. c5 Rxc5 39. Rxd4 Qc7 40. Rd1 Rc6 41.
Rxd8 1-0

[Event "PokerStars IoM Masters 2014"]
[Site "Douglas ENG"]
[Date "2014.10.05"]
[Round "2.27"]
[White "Hansen, Victor"]
[Black "Mannion, Stephen R"]
[Result "0-1"]
[BlackTitle "IM"]
[WhiteElo "2113"]
[BlackElo "2347"]
[WhiteFideId "1502638"]
[BlackFideId "2400111"]
[EventDate "2014.10.04"]

1. c4 Nf6 2. Nc3 c5 3. g3 e6 4. Nf3 b6 5. Bg2 Bb7 6. O-O Be7 7. Re1 d5 8. cxd5
Nxd5 9. e4 Nb4 10. d4 cxd4 11. Nxd4 N8c6 12. Be3 Nxd4 13. Bxd4 O-O 14. Rc1 Rc8
15. Re2 Rc7 16. Be3 Rd7 17. Rd2 Rxd2 18. Qxd2 Qxd2 19. Bxd2 Nd3 20. Rc2 Rc8 21.
Bc1 Kf8 22. Bf3 Ne1 0-1

[Event "PokerStars IoM Masters 2014"]
[Site "Douglas ENG"]
[Date "2014.10.05"]
[Round "2.28"]
[White "Wallis, Christopher"]
[Black "Tolhuizen, Ludo"]
[Result "1-0"]
[WhiteTitle "FM"]
[WhiteElo "2347"]
[BlackElo "2117"]
[WhiteFideId "3204839"]
[BlackFideId "1000802"]
[EventDate "2014.10.04"]

1. d4 e6 2. c4 f5 3. Nc3 Nf6 4. Nf3 Bb4 5. Qd3 Qe7 6. Bg5 b6 7. g3 Bb7 8. Bg2 h6
9. Bxf6 Bxc3+ 10. Qxc3 Qxf6 11. O-O O-O 12. Ne5 Bxg2 13. Kxg2 a5 14. Qf3 Ra7 15.
Qd3 d6 16. Nf3 Nd7 17. Rae1 e5 18. dxe5 Nxe5 19. Qd5+ Qf7 20. Nxe5 Qxd5+ 21.
cxd5 dxe5 22. e4 Raa8 23. f3 Rae8 24. Rc1 fxe4 25. fxe4 Rxf1 26. Kxf1 Re7 27.
Rc6 Kf7 28. Ke2 Ke8 29. d6 cxd6 30. Rxb6 Rc7 31. Rxd6 Rc2+ 32. Rd2 Rc4 33. Ke3
Rb4 34. Rd5 Rxb2 35. Rxe5+ Kf7 36. Rxa5 Rxh2 37. Kf4 Rg2 38. Ra7+ Kf6 39. e5+
Ke6 40. Ra6+ Ke7 41. a4 Rf2+ 42. Ke4 Rg2 43. Kf3 Ra2 44. a5 Ra4 45. Ra8 h5 46.
a6 h4 47. gxh4 Rxh4 48. a7 Rh3+ 49. Kg4 1-0

[Event "PokerStars IoM Masters 2014"]
[Site "Douglas ENG"]
[Date "2014.10.05"]
[Round "2.29"]
[White "Boelhouwer, Collin"]
[Black "Tate, Alan"]
[Result "1/2-1/2"]
[BlackTitle "FM"]
[WhiteElo "2106"]
[BlackElo "2320"]
[WhiteFideId "1013300"]
[BlackFideId "2401878"]
[EventDate "2014.10.04"]

1. e4 c6 2. d4 d5 3. Nd2 dxe4 4. Nxe4 Nd7 5. Nf3 Ngf6 6. Ng3 c5 7. dxc5 e6 8. c6
bxc6 9. Be2 Be7 10. Nd2 O-O 11. Nc4 Qc7 12. c3 Bb7 13. O-O Rad8 14. Qc2 c5 15.
a4 Rfe8 16. a5 Ba6 17. Rd1 Nb8 18. Rxd8 Rxd8 19. Ne3 Bxe2 20. Qxe2 Nc6 21. Nc4
h6 22. Be3 Qb8 23. Nf1 Qb5 24. Bf4 Nd5 25. Bg3 Bg5 26. h4 Bf4 27. Bxf4 Nxf4 28.
Qe4 Nd5 29. Nfd2 Nf6 30. Qc2 Qb8 31. g3 Ne5 32. Re1 Nxc4 33. Nxc4 Qb5 34. Qe2
Rf8 35. Ra1 Qa6 36. Kf1 Qb7 37. Kg1 Qa6 38. Kf1 Qb7 39. Kg1 Qa6 1/2-1/2

[Event "PokerStars IoM Masters 2014"]
[Site "Douglas ENG"]
[Date "2014.10.05"]
[Round "2.31"]
[White "Efroimski, Marsel"]
[Black "Hill, Alistair"]
[Result "0-1"]
[WhiteTitle "WIM"]
[WhiteElo "2316"]
[BlackElo "2102"]
[WhiteFideId "2810964"]
[BlackFideId "432407"]
[EventDate "2014.10.04"]

1. e4 c5 2. Nc3 a6 3. Nf3 d6 4. d4 cxd4 5. Nxd4 Nf6 6. h3 e5 7. Nde2 h5 8. Bg5
Be7 9. g3 Be6 10. Bg2 Nbd7 11. Qd2 O-O 12. f4 Bc4 13. O-O-O b5 14. Bxf6 Nxf6 15.
Kb1 b4 16. Nd5 Nxd5 17. exd5 Qa5 18. Nc1 Bf6 19. g4 exf4 20. Qxf4 Rfc8 21. Be4
Rab8 22. Nb3 Qc7 23. gxh5 a5 24. Rhg1 Be5 25. Qf5 a4 26. Nd4 Bxa2+ 27. Ka1 a3
28. Qh7+ Kf8 29. Kxa2 Qc4+ 30. Nb3 axb2 31. Kb1 Ra8 32. Rd4 Bxd4 0-1

[Event "PokerStars IoM Masters 2014"]
[Site "Douglas ENG"]
[Date "2014.10.05"]
[Round "2.32"]
[White "Shvayger, Yuliya"]
[Black "Smith, Graham"]
[Result "1-0"]
[WhiteTitle "WIM"]
[WhiteElo "2306"]
[BlackElo "2073"]
[WhiteFideId "14100126"]
[BlackFideId "410985"]
[EventDate "2014.10.04"]

1. e4 c5 2. Nf3 e6 3. Nc3 a6 4. d4 cxd4 5. Nxd4 Qc7 6. Bd3 Nf6 7. O-O d6 8. Kh1
Nbd7 9. f4 b5 10. Qe2 Bb7 11. Bd2 Be7 12. Rae1 O-O 13. e5 Ne8 14. f5 Nxe5 15.
fxe6 Nf6 16. Bf5 Kh8 17. exf7 Rxf7 18. Be6 Rff8 19. a3 Rae8 20. Bf4 Bd8 21. Qd2
Qb8 22. Ba2 Bc8 23. Bg3 Bb6 24. h3 Qb7 25. Kh2 Bc7 26. Nde2 Qc6 27. Nf4 Nc4 28.
Bxc4 Qxc4 29. b3 Qc5 30. Nfd5 Nxd5 31. Nxd5 Bb8 32. Qf4 h6 33. Qxf8+ Rxf8 34.
Rxf8+ Kh7 35. Ne7 Bxh3 36. Kxh3 Ba7 37. Nf5 1-0

[Event "PokerStars IoM Masters 2014"]
[Site "Douglas ENG"]
[Date "2014.10.05"]
[Round "2.33"]
[White "Klein, Gernot"]
[Black "Veinberg, Nimrod"]
[Result "1/2-1/2"]
[WhiteElo "2000"]
[BlackElo "2289"]
[WhiteFideId "4695496"]
[BlackFideId "2810280"]
[EventDate "2014.10.04"]

1. e4 e5 2. Nf3 Nc6 3. Bb5 a6 4. Ba4 Nf6 5. d3 d6 6. c3 g6 7. O-O Bg7 8. Nbd2
O-O 9. Re1 Nd7 10. Nf1 Nc5 11. Bc2 Ne6 12. b4 Kh8 13. Bb3 b5 14. a4 Bb7 15. Ne3
Nf4 16. Nd5 Nxd5 17. Bxd5 Rb8 18. axb5 axb5 19. Bd2 Qd7 20. Qc1 f5 21. Bh6 f4
22. Bxg7+ Qxg7 23. d4 g5 24. Qd1 Qf6 25. h3 Rfe8 26. Qd3 Ne7 27. Bxb7 Rxb7 28.
Ra6 Ng6 29. Rea1 exd4 30. Ra8 Rbb8 31. Rxb8 Rxb8 32. Qxd4 Ne5 33. Kf1 h5 34. Ra7
g4 35. hxg4 hxg4 36. Nxe5 dxe5 37. Qd5 Qd6 1/2-1/2

[Event "PokerStars IoM Masters 2014"]
[Site "Douglas ENG"]
[Date "2014.10.05"]
[Round "2.34"]
[White "Llewellyn, Alan M"]
[Black "Afek, Yochanan"]
[Result "0-1"]
[BlackTitle "IM"]
[WhiteElo "1555"]
[BlackElo "2287"]
[WhiteFideId "422479"]
[BlackFideId "2800462"]
[EventDate "2014.10.04"]

1. c4 Nf6 2. Nc3 g6 3. e4 d6 4. d3 Bg7 5. f4 e5 6. Nf3 Nc6 7. Be2 Nh5 8. f5 gxf5
9. Nxe5 Bxe5 10. Bxh5 Qh4+ 11. Kf1 Be6 12. g3 Bxg3 13. Qf3 Be5 14. exf5 Nd4 15.
Qxb7 Bxf5 16. Qxa8+ Kd7 17. Qxa7 Bh3+ 0-1

[Event "PokerStars IoM Masters 2014"]
[Site "Douglas ENG"]
[Date "2014.10.05"]
[Round "2.35"]
[White "Klein, Felix"]
[Black "Gutkind, Kedem"]
[Result "1/2-1/2"]
[WhiteTitle "FM"]
[WhiteElo "2286"]
[BlackElo "1993"]
[WhiteFideId "24600458"]
[BlackFideId "1046519"]
[EventDate "2014.10.04"]

1. e4 e6 2. d4 d5 3. Nc3 Nf6 4. e5 Nfd7 5. f4 c5 6. Nf3 Nc6 7. Be3 Qb6 8. Na4
Qa5+ 9. c3 cxd4 10. b4 Nxb4 11. cxb4 Bxb4+ 12. Bd2 Bxd2+ 13. Nxd2 O-O 14. Bd3 b5
15. Nb2 Nb6 16. Qe2 Nc4 17. Nd1 f6 18. exf6 Rxf6 19. Rf1 Bd7 20. Rf2 Raf8 21. g3
e5 22. Bxc4 bxc4 23. fxe5 Rxf2 24. Nxf2 Qc3 25. Rb1 d3 26. Qe3 Qc2 27. h3 c3 28.
Rd1 Ba4 29. Nb3 d4 30. Nxd4 d2+ 31. Ke2 Rxf2+ 32. Kxf2 Qxd1 33. Qxc3 Qe1+ 34.
Kg2 Qe4+ 35. Kh2 Bc6 36. Qb3+ Qd5 37. Qb8+ Kf7 38. Qc7+ Kg6 39. Nxc6 Qh1+ 40.
Kxh1 d1=Q+ 1/2-1/2

[Event "PokerStars IoM Masters 2014"]
[Site "Douglas ENG"]
[Date "2014.10.05"]
[Round "2.36"]
[White "Mindlin, Alon"]
[Black "Fabri, Henrik"]
[Result "1-0"]
[WhiteElo "2259"]
[BlackElo "1948"]
[WhiteFideId "2800071"]
[BlackFideId "403270"]
[EventDate "2014.10.04"]

1. c4 Nf6 2. Nc3 e6 3. Nf3 d5 4. d4 Nbd7 5. Bg5 c6 6. e3 Qa5 7. Nd2 dxc4 8. Bxf6
Nxf6 9. Nxc4 Qd8 10. Be2 Be7 11. O-O O-O 12. Bf3 Rb8 13. Rc1 Nd5 14. Ne2 Bd7 15.
Ne5 Be8 16. a3 Rc8 17. Qb3 Qb6 18. Qa2 a5 19. Rfd1 f6 20. Nd3 Bf7 21. Be4 Rfd8
22. Qb1 g6 23. Bf3 Qa7 24. Rc2 Bf8 25. Ng3 Bh6 26. Nc5 Nxe3 27. fxe3 Bxe3+ 28.
Kh1 Bxd4 29. b4 axb4 30. axb4 f5 31. Rcd2 Bf6 32. Rd7 e5 33. Nxf5 gxf5 34. Qxf5
Rxd7 35. Nxd7 Ra8 36. Nxf6+ Kg7 37. Qxe5 1-0